| 000 | 01117nam a2200373 i 4500 | ||
|---|---|---|---|
| 001 | 30486 | ||
| 003 | KOSZ 005 | ||
| 005 | 20210924141141.0 | ||
| 008 | 020709s1977 pl a f d |001 0 pol | ||
| 015 | _aPB 1977/9325 | ||
| 035 | _a(OCoLC)831029243 | ||
| 040 |
_aWA N _cWA N _dKOSZ 005/EG _dKOSZ 005/HR |
||
| 041 | _apol | ||
| 046 | _k1977 | ||
| 080 | _a72/76 | ||
| 080 | _a(44) | ||
| 080 | _a(03) | ||
| 080 | _a(084.1) | ||
| 100 | 1 |
_aDulewicz, Andrzej _eAutor |
|
| 245 | 1 | 0 |
_aSłownik sztuki francuskiej / _cAndrzej Dulewicz. |
| 260 |
_aWarszawa : _b"Wiedza Powszechna", _c1977. |
||
| 300 |
_a535, [1] s. : _bil., mapy, portr. ; _c22 cm. |
||
| 380 | _aKsiążki | ||
| 388 | _a1901-2000 | ||
| 388 | _a1945-1989 | ||
| 504 | _aBibliogr. Indeksy. | ||
| 650 | 4 | _aHistoria sztuki | |
| 655 | 4 | _aSztuka francuska | |
| 655 | 4 | _aEncyklopedia | |
| 658 | _aKultura i sztuka | ||
| 710 | 2 |
_aPaństwowe Wydawnictwo Wiedza Powszechna _4pbl. |
|
| 856 |
_uhttp://koha.tu.koszalin.pl/cgi-bin/koha/opac-detail.pl?biblionumber=30486 _yKatalog online BPK |
||
| 942 |
_2UKD _cKS |
||
| 999 |
_c30486 _d30486 |
||